Verdad e ideología
I tiakina i:
| Kaituhi matua: | |
|---|---|
| Hōputu: | Pukapuka |
| Reo: | Pāniora |
| I whakaputaina: |
Ciudad de México
Fondo de Cultura Económica
1951
|
| Ngā marau: | |
| Ngā Tūtohu: |
Tāpirihia he Tūtohu
Kāore He Tūtohu, Me noho koe te mea tuatahi ki te tūtohu i tēnei pūkete!
|
MARC
| LEADER | 00000nam a2200000 a 4500 | ||
|---|---|---|---|
| 001 | UCZ2375 | ||
| 003 | CL-VaPUC | ||
| 008 | 950929e19510000MX |||||||||||||||||spa|d | ||
| 082 | 0 | 4 | |a 160 |b BAR |2 21 |
| 100 | 0 | |a Barth, Hans |e author |9 346151 | |
| 245 | 1 | 0 | |a Verdad e ideología |
| 300 | |a 292 p | ||
| 942 | |c BK | ||
| 945 | |d 19950929 00:00:00 |a cmena | ||
| 260 | |a Ciudad de México |b Fondo de Cultura Económica |c 1951 | ||
| 600 | 0 | 7 | |a SCHOPENHAUER, ARTHUR |2 CL-VaPUC |9 265694 |
| 600 | 0 | |a Marx, Karl Heinrich, |d 1818-1883 |9 861123 | |
| 650 | 0 | |a Filosofía |9 223554 | |
| 650 | 0 | |a Ideologías |9 255200 | |
| 650 | 0 | |a Escuelas filosóficas |9 266232 | |
| 650 | 7 | |a HOMBRE |2 CL-VaPUC |9 262149 | |
| 583 | |a last modification |c 19950929 00:00:00 |k Rodrigo Vera | ||
| 999 | |c 239000 |d 238998 | ||
| 952 | |0 0 |1 0 |4 0 |6 160_000000000000000_BAR_1951 |7 0 |8 A |9 249768 |a BIBEDU |b BIBEDU |d 2019-11-18 |i 156773K |o 160 BAR 1951 |p 156773K |r 2019-11-18 |w 2019-11-18 |y BK |k FIL | ||
| 952 | |0 0 |1 0 |4 0 |6 160_000000000000000_BAR_1951 |7 0 |8 DER_TF |9 249769 |a BIBDER |b BIBDER |d 2019-11-18 |i 1880888 |l 1 |o 160 BAR 1951 |p 1880888 |r 2023-01-25 |s 2020-03-17 |w 2019-11-18 |x Ubicación 4to Piso |y BK |z Estos recursos deben solicitarse con anticipación |k DER | ||